Statistics for Cars

Click here to take the quiz!

General Stats

  • This quiz has been taken 43 times
  • The average score is 14 of 15

Answer Stats

car companycountry% Correct
Mercedes-BenzGermany
100%
SmartGermany
100%
DaimlerGermany
100%
DaihatsuJapan
94%
LexusJapan
94%
ToyotaJapan
94%
DatsunJapan
94%
FordUsa
94%
LincolnUsa
94%
ChevroletUsa
94%
InfinitiUsa
94%
LotusUnited Kingdom
86%
SamsungSouth korea
83%
AlpineFrance
81%
BoajunChina
72%

Score Distribution

Percentile by Number Answered

Percent of People with Each Score

Your Score History

You have not taken this quiz